Vogel's textbook of macro and semimicro qualitative inorganic analysis

Saved in:
Bibliographic Details
Main Author: Arthur I Vogel
Format: Book
Language:Undetermined
Published: London Longman Group Limited 1979
Subjects:
Tags: Add Tag
No Tags, Be the first to tag this record!
Institutions: Trung tâm Học liệu Trường Đại học Cần Thơ
LEADER 00558nam a2200181Ia 4500
001 CTU_28276
008 210402s9999 xx 000 0 und d
082 |a 544 
082 |b V878 
100 |a Arthur I Vogel 
245 0 |a Vogel's textbook of macro and semimicro qualitative inorganic analysis 
245 0 |c Arthur I Vogel 
260 |a London 
260 |b Longman Group Limited 
260 |c 1979 
650 |a chemistry, analytic - qualitative,chemistry, inorganic 
904 |i Liên, 981118 
980 |a Trung tâm Học liệu Trường Đại học Cần Thơ